000 00526nam a2200217Ia 4500
003 OSt
005 20230327114518.0
008 210423s2007 xx 000 0 und d
020 _a324323824
040 _cAL
041 _aeng
082 _a658.15 MADJ
100 _aMADURA (Jeff).
_978329
245 _aInternational corporate finance.
250 _a8
260 _aNew Delhi
_bThomson
_c2007
300 _axxiii,707
_bPB
365 _b429
_cINR
906 _acorporate ; finance. ; International
942 _2ddc
_cBK
999 _c156108
_d156108